| 000 | 00496nam a22001577a 4500 | ||
|---|---|---|---|
| 020 | _qHard Cover. | ||
| 082 | _a658 | ||
| 100 | _a Afzal, Jamshed | ||
| 245 |
_aAn analysis of Futures markets of Pakistan and Factors that impact their performance _cJamshed Afzal. |
||
| 260 |
_aIslamabad : _bNBS - NUST, _c2014. |
||
| 300 |
_a62 p. : ill. ; _c30cm. |
||
| 650 |
_aMBA Thesis. _917629 |
||
| 700 | _aMs. Saadia Irfan. | ||
| 942 |
_2ddc _cTHE |
||
| 999 |
_c532982 _d532982 |
||